Quizzes
Events
Quiz Creation
Community
Videos
Private Events
Remove Ads
Sign In
Join for FREE
Feedback
Dark Mode
Quiz Categories
Sports
Geography
Music
Movies
Television
Just For Fun
Miscellaneous
History
Literature
Language
Science
Gaming
Entertainment
Religion
Holiday
For Kids
Quiz Lab
Recent
Popular Today
Quiz Kudos Today
Editor Picks
Curator Picks
Quizzes by...
Day
Popularity
Type
Ratings
Length
Year
Community
Subscriptions
Recent Discussions
Orange Saloon
Badges
Playlists
Quests
Create
Leaderboards
Showdown
Live 5
Trivia Bingo
Activity
Puzzle Library
Sporcle Events
Private Events
Virtual Trivia
Globe League
Become a Host
Pub Owners
SporcleCon
Opinionation
Our Games
Videos
Blog
Mobile Apps
Partnerships
Remove Ads and Go Orange
Feedback
Music
Pop Music
The Beatles
Song
Album
Lyrics
Bands
Singers
Artist
Clip
Rock
Rap
Classical
Billboard
Country Music
Kpop
Taylor Swift
Music
Pop Music
The Beatles
Song
Album
Lyrics
Bands
Singers
Artist
Clip
Rock
Rap
Classical
Billboard
Country Music
Kpop
Taylor Swift
Random Quiz
Search Sporcle
×
Quiz Lab
Quiz Lab
Music
liam
Type in answers that appear in a list
Type in answers that appear in a list
Classic
Best Score? Go Orange.
Better Than Words - One Direction Lyrics Stats
Can you name the Better Than Words Lyrics?
By
sugar1095
5m
241 Questions
922 Plays
922 Plays
922 Plays
Comments
Comments
Give Quiz Kudos
Give Quiz Kudos
-
- Ratings
hide this ad
Replay
Link that replays current quiz
Next Quiz
Link to next quiz in quiz playlist
You Got
0%
They Got
Avg Score
84%
Avg Friend Score
Upgrade to see
Score Distribution
Jump to the score distribution portion of the page
Score
0/241
Timer
05:00
0
Plays Today
% Correct
Better
99.1%
better
99.1%
than
99%
than
99%
than
99%
Better
99%
than
99%
Better
99%
than
99%
better,
99%
better,
99%
better,
99%
Better
99%
than
99%
better
99%
than
99%
better
99%
than
99%
better
99%
than
99%
words
98.8%
words
98.8%
words
98.8%
words
98.8%
words
98.8%
words
98.8%
words
98.8%
words
98.8%
words
98.8%
words
98.8%
words
98.8%
words
98.8%
words
98.8%
be
97.7%
be
97.7%
more
96.5%
more
96.5%
more
96.5%
a
95.9%
the
95.9%
on
94.3%
ya
94.3%
love
94.1%
love
94.1%
love,
94.1%
love,
94.1%
love,
94.1%
love,
94.1%
love,
94.1%
You
94%
you
94%
You
94%
feeling
93.6%
Crazy
92.6%
in
92.6%
crazy
92.6%
crazy,
92.6%
crazy
92.6%
me
92.1%
me
92.1%
make
91.3%
make
91.3%
Dancing
91.2%
it
91.1%
it
91.1%
it
91.1%
it
91.1%
it
91.1%
it
91.1%
wanna...
90.5%
wanna
90.5%
ever
90.3%
don't
90.2%
don't
90.2%
don't
90.2%
don't
90.2%
don't
90.2%
don't
90.2%
to
90.1%
to
90.1%
to
90.1%
% Correct
To
90.1%
to
90.1%
to
90.1%
yeah,
89.6%
Yeah
89.6%
up
88.5%
up
88.5%
up
88.5%
up
88.5%
up
88.5%
up
88.5%
time
88.4%
time
88.4%
know
88%
know
88%
know
88%
know
88%
know
88%
sss
87.8%
your
87.5%
your
87.5%
your
87.5%
your
87.5%
your
87.5%
your
87.5%
baby
87.4%
Woo
87.4%
woo
87.4%
baby
87.4%
woo
87.4%
woo
87.4%
woo
87.4%
we
87.3%
ow
87.2%
Ah,
87.2%
ow
87.2%
Ah,
87.2%
ow
87.2%
Ah,
87.2%
ow
87.2%
Ah,
87.2%
ow
87.2%
How
86.7%
how
86.7%
how
86.7%
how
86.7%
how
86.7%
how
86.7%
ceiling
86.4%
Every
85.7%
Ooh oh ooh, ooh oh ooh, ooh ooh oh
85.5%
Ooh oh ooh, ooh oh ooh, ooh ooh oh
85.5%
Ooh oh ooh, ooh oh ooh, ooh ooh oh
85.5%
Ooh oh ooh, ooh oh ooh, ooh ooh oh
85.5%
Ooh oh ooh, ooh oh ooh, ooh ooh oh
85.5%
Ooh oh ooh, ooh oh ooh, ooh ooh oh
85.5%
enough,
84.9%
enough,
84.9%
One
84.9%
enough,
84.9%
One
84.9%
enough,
84.9%
enough,
84.9%
good
83.8%
good
83.8%
good
83.8%
good
83.8%
good
83.8%
'Cause
83.5%
'Cause
83.5%
'Cause
83.5%
'Cause
83.5%
'Cause
83.5%
'Cause
83.5%
I
83.3%
I
83.3%
I
83.3%
I
83.3%
I
83.3%
I
83.3%
I
83.3%
% Correct
I
83.3%
I
83.3%
I
83.3%
I
83.3%
touch
83.2%
ain't
82.5%
ain't
82.5%
ain't
82.5%
ain't
82.5%
ain't
82.5%
I'm
82.3%
is
81.4%
It's
81.3%
it's
81.3%
it's
81.3%
it's
81.3%
It's
81.3%
It's
81.3%
It's
81.3%
sum
80.9%
sum
80.9%
sum
80.9%
sum
80.9%
sum
80.9%
can
80.5%
can
80.5%
all
80.2%
explain
78.4%
explain
78.4%
like
78.4%
explain
78.4%
like
78.4%
explain
78.4%
explain
78.4%
night
77.9%
shook
76.7%
deep
76.5%
lie
76%
no
75.8%
no
75.8%
no
75.8%
my
75.8%
no
75.8%
no
75.8%
no
75.8%
no
75.8%
Hips
75%
Always
74.5%
Best
74.3%
can't
74.2%
can't
74.2%
can't
74.2%
Someone
73.8%
had
73.8%
only
73.6%
God
73.3%
knows,
72.4%
But
69%
But
69%
Drive
65.5%
else
64.3%
else
64.3%
else
64.3%
else
64.3%
else
64.3%
way
62.9%
way
62.9%
There's
62.4%
There's
62.4%
Irreplaceable,
59.1%
what
55.4%
feels
54.8%
see
51.3%
Everyone
49.8%
tries
48.6%
never
47.5%
right
46.6%
they'll
43.9%
we're
42.2%
Quiz Playlist
Details
Report
Send in Message
Add To Playlist
Classic:
Type in answers that appear in a list
Last Updated: Feb 16, 2017
Quiz Scoreboard
CHALLENGE
Sign Up to Join the Scoreboard
Show All
Scores
Hide
Comments
May contain spoilers
Recently Published
Billboard Blitz: Fleetwood Mac
by CooCooCachoo
Music
15s
Presidents Visiting Landmarks
by Hejman
History
7m
An Introduction to Baseball
by treessimontrees
Sports
5m
More to Explore
Quiz From the Vault
Featured Blog Post
Where Did the Easter Bunny Come From?
hide this ad
You Might Also Like...
Tags
Better
Better Than
direction
Harry Styles
liam
Louis Tomlinson
midnight
Niall Horan
one
Today's Top Quizzes in Music
Browse Music
hide this ad
Today's Top Quizzes in liam
Browse liam
Top Contributed Quizzes in Music
1
Taylor Swift All Songs (2024)
2
Guess the Artist- 70s Songs
3
7-to-1: Billboard Hot 100 #1 Hits of 2010s
4
Sorting Albums and Songs
5
Taylor Swift Logic Puzzle
6
KPOP LOGIC QUIZ
7
2010s Album by Cover III
8
One Thing in Common: Music
9
Guess the Taylor Swift song (Mystery Song)
10
Guess The Taylor Swift Lyrics Song #1
Explore More
Trending Topics
Harry Potter
Disney
NBA
Kpop
Anime
Crossword
Marvel
NFL
Puzzle
Song
Country
Soccer
The Office
WWE
Pokémon
hide this ad
More By:
sugar1095
Quiz
Plays
Rating
Category
Featured
Created
Ed Sheeran Songs
33,407
4.06
Music
Mar 29, 2013
One Direction Songs
10,444
3.13
Music
Mar 29, 2013
One Direction Lyrics (Clickable)
3,550
2.17
Music
Mar 29, 2013
Pretty Little Liars Characters
3,502
2.80
Television
Mar 29, 2013
Magcon Boys
3,013
5.00
Entertainment
Jul 15, 2014
Go to Creator's Profile
Score Distribution
Quiz Creator Spotlight
sugar1095
Follow
Send a Message
Quizzes Created
-
Created Quiz Play Count
-
More By This Creator
Popular Quizzes Today
1
Find the US States - No Outlines Minefield
2
Find the Countries of Europe - No Outlines Minefield
3
The Countries of the World
4
Find the US States
5
US States
6
Popular People in 1961
7
Risky Map Clicking: Biggest States A-Z
8
Movies - When Are They Set?
More Music Quizzes
King or Queen of Rock
Editor's Pick
Trending Quizzes
Risky Map Clicking: Least Populous States A-Z
1-10 Letter G Words
1-10 Letter F Words
Risky Map Clicking: Next State Alphabetically
Risky Map Clicking: Biggest States A-Z
Recently Updated
Leaping Animals
pecheneg
Reality TV Shows (A-Z)
bhenderson79
Rickey Henderson's Hall of Fame Teammates
pecheneg
Champions League XIs: Arsenal
pecheneg
Quick Pick: Celebrities in WWE's Hall of Fame
aduchscher
A-Z Keypad Blitz II
pecheneg
Multiple Oscar Actors
pecheneg
Mystery Phrase Blitz: Oscar 'Best Actors'
pecheneg
F. Scott Fitzgerald Novels
LTH
Pick 3 Villains
ddd62291
Trending Topics
Marvel
Harry Potter
Anime
NBA
Kpop
Crossword
Disney
Country
NFL
WWE
Soccer
The Office
Song
Puzzle
Pokémon
Your Account Isn't Verified!
In order to create a playlist on Sporcle, you need to verify the email address you used during registration. Go to your
Sporcle Settings
to finish the process.
Report this User
Report this user for behavior that violates our
Community Guidelines
.
Details:
Send Report
Go to the Sporcle.com Mobile Site →
Comments